Statistics for Football Clubs Netherlands 18-19

Click here to take the quiz!

General Stats

  • This quiz has been taken 157 times
    (126 since last reset)
  • The average score is 30 of 56

Answer Stats

Answers% Correct
Ajax
100%
Feyenoord
98%
PSV
96%
AZ
93%
FC Utrecht
87%
SC Heerenveen
87%
FC Groningen
86%
NAC Breda
86%
Sparta Rotterdam
86%
ADO Den Haag
84%
NEC
84%
Vitesse
84%
FC Twente
82%
VVV Venlo
80%
Heracles Almelo
79%
PEC Zwolle
79%
Willem II
77%
Excelsior
74%
FC Emmen
73%
Jong Ajax
69%
Fortuna Sittard
68%
Jong PSV
67%
MMV Maastricht
67%
Roda JC
67%
SC Cambuur
67%
Almere City
63%
FC Den Bosch
63%
De Graafschap
62%
Jong AZ
61%
RKC Waalwijk
61%
Go Ahead Eagles
58%
Jong Utrecht
57%
FC Dordrecht
55%
FC Eindhoven
55%
FC Volendam
54%
Helmond Sport
51%
TOP Oss
51%
Telstar
44%
VV IJsselmeervogels
35%
AFC
27%
Katwijk
25%
Koninklijke HFC
19%
HHC Hardenberg
16%
GVVV
15%
Kozakken Boys
15%
De Treffers
14%
BVV Barendrecht
13%
Jong Vitesse
13%
Scheveningen
11%
Jong Sparta
10%
Excelsior Maassluis
8%
Rijnsburg
8%
FC Lienden
6%
Jong Almere City
6%
VVSB
5%
VV UNA
0%

Score Distribution

Percentile by Number Answered

Percent of People with Each Score

Your Score History

You have not taken this quiz since the last reset